[Event "AUTO-ADV-3455"]
[Site "http://www.queenalice.com/game.php?id=1371919"]
[Date "2015.7.17"]
[Round "1"]
[White "silent1"]
[Black "laspaw"]
[Result "0-1"]
[WhiteElo "1751"]
[BlackElo "2008"]

1. d4 Nf6 2. c4 e6 3. Nc3 Bb4 4. Bd2 O-O 5. e3 b6 6. Nf3 Bb7 7. Bd3 d5 8. cxd5
exd5 9. a3 Bd6 10. O-O c5 11. Be2 c4 12. b4 a6 13. h3 h6 14. Nh2 Bxh2+ 15. Kxh2
b5 16. Bf3 Nc6 17. Re1 Re8 18. Ne2 a5 19. Nc3 axb4 20. axb4 Nxb4 21. Nxb5 Nd3
22. Rxa8 Bxa8 23. Rf1 Qb8+ 24. Kg1 Qxb5 25. Qb1 Qxb1 26. Rxb1 Rc8 27. Ra1 Ne4
28. Bxe4 dxe4 29. Bc3 Bd5 30. Ra5 Rd8 31. Rb5 f5 32. Ra5 f4 33. exf4 Nxf4 34.
Kf1 Bf7 35. h4 Nd5 36. Ra3 Nxc3 37. Rxc3 Rxd4 38. Ke2 e3 39. g3 exf2 40. Kxf2
Rd3 41. Rxd3 cxd3 42. Ke3 Bc4 0-1

[Event "AUTO-ADV-3455"]
[Site "http://www.queenalice.com/game.php?id=1371920"]
[Date "2015.7.17"]
[Round "1"]
[White "laspaw"]
[Black "AntonioMelo"]
[Result "1-0"]
[WhiteElo "2037"]
[BlackElo "2171"]

1. e4 d6 2. d4 Nf6 3. Nc3 g6 4. Nf3 Bg7 5. Be2 O-O 6. O-O Nc6 7. Be3 Ng4 8. Bg5
Nf6 9. Bc4 Bg4 10. d5 Ne5 11. Be2 Bxf3 12. Bxf3 a6 13. a4 Qd7 14. Be2 c6 15.
Bxf6 Bxf6 16. f4 Qc7 17. fxe5 Bxe5 18. Qc1 Bxc3 19. bxc3 cxd5 20. Qe3 dxe4 21.
Qxe4 Qxc3 22. Qxb7 Qxc2 23. Bf3 Qc5+ 24. Kh1 Ra7 25. Rac1 Qxc1 26. Rxc1 Rxb7 27.
Bxb7 a5 28. Rc7 e6 29. Kg1 Kg7 30. Bc6 Rd8 31. Ra7 d5 32. Rxa5 Rc8 33. Bb7 Rc2
34. Rb5 Ra2 35. a5 d4 36. Kf1 Kf6 37. a6 d3 38. Ke1 e5 39. Rb6+ Kf5 40. Bd5 e4
41. Bxa2 1-0

[Event "AUTO-ADV-3455"]
[Site "http://www.queenalice.com/game.php?id=1371921"]
[Date "2015.7.17"]
[Round "1"]
[White "AntonioMelo"]
[Black "laspaw"]
[Result "0-1"]
[WhiteElo "2203"]
[BlackElo "2013"]

1. f4 Nf6 2. Nf3 g6 3. e3 Bg7 4. Be2 O-O 5. O-O d5 6. d4 Ne4 7. Nbd2 c5 8. Nxe4
dxe4 9. Ne5 cxd4 10. exd4 Nc6 11. c3 Nxe5 12. fxe5 Qb6 13. Kh1 Rd8 14. Qb3 Qxb3
15. axb3 Be6 16. Bc4 Bxc4 17. bxc4 f5 18. Bg5 Kf7 19. Rae1 h6 20. Bc1 Ke6 21. b3
b6 22. h4 h5 23. d5+ Kd7 24. Bf4 e6 25. Re3 Bh8 26. Rd1 a5 27. Bg5 Re8 28. Bf4
Rad8 29. Bg5 Rc8 30. dxe6+ Kxe6 31. Rd6+ Kxe5 32. Rxb6 Rb8 33. Rb5+ Rxb5 34.
Bf4+ Kxf4 0-1

[Event "AUTO-ADV-3455"]
[Site "http://www.queenalice.com/game.php?id=1371922"]
[Date "2015.7.17"]
[Round "1"]
[White "laspaw"]
[Black "Paulsains"]
[Result "1-0"]
[WhiteElo "1990"]
[BlackElo "1871"]

1. e4 e5 2. Nf3 Nf6 3. Nxe5 Qe7 4. d4 d6 5. Nf3 Qxe4+ 6. Be2 Bf5 7. c4 Qc2 8.
O-O Qxd1 9. Bxd1 Nc6 10. Re1+ Be7 11. d5 Nb4 12. Ba4+ c6 13. Nd4 Bd3 14. c5 Ne4
15. dxc6 bxc6 16. Nxc6 Nc2 17. Nxe7+ Kxe7 18. cxd6+ Kxd6 19. Bxc2 Bxc2 20. Bf4+
Kd7 21. Na3 Bd3 22. Rad1 Nc5 23. Be3 1-0

[Event "AUTO-ADV-3455"]
[Site "http://www.queenalice.com/game.php?id=1371923"]
[Date "2015.7.17"]
[Round "1"]
[White "Paulsains"]
[Black "laspaw"]
[Result "1/2-1/2"]
[WhiteElo "1986"]
[BlackElo "2014"]

1. e4 e5 2. Nf3 Nc6 3. Be2 Nf6 4. d3 d5 5. exd5 Nxd5 6. O-O Bc5 7. Bd2 O-O 8.
Nc3 Be6 9. Ne4 Be7 10. c4 Nf6 11. Nxf6+ Bxf6 12. Qb3 b6 13. h3 Re8 14. a4 Nd4
15. Nxd4 exd4 16. Bf3 Rb8 17. Qc2 h6 18. b3 Bg5 19. Kh2 c5 20. Be4 a5 21. f4 Bf6
22. f5 Bd7 23. Rf3 Bg5 24. Bxg5 Qxg5 25. Rg3 Qf4 26. Qe2 f6 27. Qg4 Qxg4 28.
Rxg4 Re5 29. Rf4 Kf7 30. g4 Rh8 31. h4 1/2-1/2

[Event "AUTO-ADV-3455"]
[Site "http://www.queenalice.com/game.php?id=1400322"]
[Date "2015.12.24"]
[Round "2"]
[White "laspaw"]
[Black "luiz_gustavo"]
[Result "1-0"]
[WhiteElo "2073"]
[BlackElo "1814"]

1. e4 e5 2. Nf3 Nc6 3. Bc4 h6 4. O-O Nf6 5. d3 d6 6. c3 Na5 7. Bb5+ Bd7 8. Bxd7+
Qxd7 9. Nbd2 Be7 10. b4 Nc6 11. a4 d5 12. b5 Nd8 13. Nxe5 Qe6 14. Nef3 dxe4 15.
Re1 Qg4 16. Nxe4 Nxe4 17. Rxe4 Qg6 18. Ba3 Ne6 19. Bxe7 Kxe7 20. Qb3 Kf6 21.
Rae1 Qf5 22. Qc4 Rhe8 23. Nd4 Qg6 24. Nxe6 1-0

[Event "AUTO-ADV-3455"]
[Site "http://www.queenalice.com/game.php?id=1400323"]
[Date "2015.12.24"]
[Round "2"]
[White "luiz_gustavo"]
[Black "laspaw"]
[Result "0-1"]
[WhiteElo "1795"]
[BlackElo "2079"]

1. e4 e5 2. Nf3 Nc6 3. Bb5 Nf6 4. Nc3 Bb4 5. a3 Bxc3 6. dxc3 Nxe4 7. O-O d6 8.
Re1 Nf6 9. Bg5 O-O 10. Qe2 Bg4 11. h3 Bh5 12. g4 Bg6 13. h4 h6 14. Bxf6 Qxf6 15.
g5 hxg5 16. Bxc6 bxc6 17. Nxg5 Qf4 18. Nf3 Bh5 19. Kg2 Rfe8 20. Qe4 Bxf3+ 21.
Qxf3 Qxh4 22. Qxc6 Qd8 23. Rad1 Re6 24. c4 Qe8 25. Qxc7 Rc8 26. Qxa7 Rxc4 27.
Rd2 Qc6+ 28. Kf1 Qh1+ 29. Ke2 Re4+ 30. Kd1 Qxe1# 0-1

[Event "AUTO-INT-2856"]
[Site "http://www.queenalice.com/game.php?id=1452118"]
[Date "2016.11.26"]
[Round "2"]
[White "laspaw"]
[Black "TIKAR"]
[Result "1-0"]
[WhiteElo "2096"]
[BlackElo "1819"]

1. Nf3 c5 2. c4 Nc6 3. e3 Nf6 4. Nc3 e5 5. d4 cxd4 6. exd4 e4 7. Nd2 Nxd4 8.
Ndxe4 Nc6 9. Be2 Be7 10. O-O O-O 11. a3 h6 12. b4 a6 13. Bf3 Re8 14. Re1 b5 15.
cxb5 axb5 16. Nxb5 Rb8 17. Nbc3 Bb7 18. b5 Na5 19. a4 Nc4 20. Nd2 Nxd2 21. Bxd2
d5 22. a5 d4 23. Bf4 Bxf3 24. Qxf3 dxc3 25. Bxb8 Qxb8 26. b6 Bb4 27. Rxe8+ Qxe8
28. a6 Qb5 29. b7 c2 30. a7 Bd6 31. a8=Q+ Kh7 32. g3 Qb2 33. Qd3+ 1-0

[Event "AUTO-MASTER-2651"]
[Site "http://www.queenalice.com/game.php?id=1499084"]
[Date "2017.10.16"]
[Round "1"]
[White "Alexandrovinsk"]
[Black "laspaw"]
[Result "1-0"]
[WhiteElo "2114"]
[BlackElo "2125"]

1. e4 e5 2. Nf3 Nc6 3. Bc4 Bc5 4. b4 Bxb4 5. c3 Ba5 6. Qb3 Qf6 7. d4 exd4 8. O-O
dxc3 9. e5 Qf5 10. Nxc3 Nxe5 11. Nxe5 Qxe5 12. Bxf7+ Kd8 13. Bd2 Ne7 14. Rfe1
Qf5 15. Bc4 b6 16. Rxe7 Kxe7 17. Nd5+ Kd8 18. Bxa5 bxa5 19. Qg3 d6 20. Qxg7 Qe5
21. Qxc7+ Ke8 22. Rd1 Bg4 23. Qc6+ Kf7 24. Ne3+ Be6 25. Qd7+ Kf6 26. Bxe6 Qxe6
27. Nd5+ Kf5 28. Ne7+ Kf6 29. Rxd6 Qxd6 30. Qxd6+ Kf7 31. Nc6 Rhe8 32. h4 Rac8
33. Ne5+ Kg7 34. h5 Rc1+ 35. Kh2 Re1 36. h6+ Kg8 37. Qd5+ Kf8 38. Qf7# 1-0

[Event "AUTO-MASTER-2651"]
[Site "http://www.queenalice.com/game.php?id=1499085"]
[Date "2017.10.16"]
[Round "1"]
[White "laspaw"]
[Black "Alexandrovinsk"]
[Result "1-0"]
[WhiteElo "2113"]
[BlackElo "2156"]

1. Nf3 Nf6 2. c4 d6 3. d4 g6 4. Nc3 Bg7 5. e4 O-O 6. Be2 Nbd7 7. Bg5 e5 8. d5 a5
9. O-O Nc5 10. h3 c6 11. b3 Bd7 12. a3 Qc8 13. Bxf6 Bxf6 14. b4 axb4 15. axb4
Rxa1 16. Qxa1 Na6 17. dxc6 bxc6 18. b5 cxb5 19. cxb5 Nc5 20. b6 Bc6 21. Nd2 Qb7
22. Qa7 Rb8 23. Nc4 Be7 24. Na5 Qxb6 25. Nxc6 Qxa7 26. Nxa7 Rb2 27. f3 Bg5 28.
Ra1 Ne6 29. Nab5 Nd4 30. Bc4 Rc2 31. Bd3 Rd2 32. Rd1 Rxd1+ 33. Nxd1 Nxb5 34.
Bxb5 Kf8 35. Kf2 Ke7 36. Nc3 Bd2 37. Nd5+ Ke6 38. Ba6 f5 39. Bc8+ Kf7 40. exf5
1-0

[Event "AUTO-MASTER-2651"]
[Site "http://www.queenalice.com/game.php?id=1499102"]
[Date "2017.10.16"]
[Round "1"]
[White "laspaw"]
[Black "renato"]
[Result "1-0"]
[WhiteElo "2120"]
[BlackElo "1891"]

1. Nf3 d5 2. d4 Nc6 3. Bf4 e6 4. e3 Bd6 5. Bxd6 Qxd6 6. Bd3 Nf6 7. O-O Bd7 8.
Nc3 a6 9. h3 b5 10. a3 h6 11. b3 g5 12. Re1 e5 13. Nxe5 Nxe5 14. dxe5 Qxe5 15.
e4 d4 16. Nd5 O-O 17. Nxf6+ Qxf6 18. e5 Qf4 19. Be4 Rae8 20. g3 1-0

[Event "AUTO-MASTER-2651"]
[Site "http://www.queenalice.com/game.php?id=1499103"]
[Date "2017.10.16"]
[Round "1"]
[White "renato"]
[Black "laspaw"]
[Result "0-1"]
[WhiteElo "1925"]
[BlackElo "2114"]

1. e4 e5 2. Nf3 Nc6 3. d3 Bc5 4. c3 Nf6 5. b4 Bd6 6. Be2 O-O 7. h3 b5 8. Be3 a6
9. a3 h6 10. Nbd2 Bb7 11. a4 bxa4 12. Rxa4 Re8 13. O-O Be7 14. Qc1 d5 15. Nb3
dxe4 16. dxe4 Qd7 17. Ra2 Qe6 18. Rb2 Nxe4 19. b5 axb5 20. Bxb5 Ba3 0-1

[Event "AUTO-MASTER-2651"]
[Site "http://www.queenalice.com/game.php?id=1499104"]
[Date "2017.10.16"]
[Round "1"]
[White "laspaw"]
[Black "Artking"]
[Result "1-0"]
[WhiteElo "2101"]
[BlackElo "1837"]

1. Nf3 Nf6 2. c4 g6 3. Nc3 Bg7 4. e4 d6 5. d4 Nbd7 6. Be2 c6 7. e5 dxe5 8. dxe5
Ng4 9. e6 fxe6 10. Ng5 Nxf2 11. Kxf2 Qb6+ 12. Ke1 O-O 13. Rf1 Nf6 14. Qd3 Rd8
15. c5 Qc7 16. Bf4 Rxd3 17. Bxc7 Rxc3 18. bxc3 e5 19. Bxe5 Bf5 20. Rd1 Nd5 21.
Bd4 Bxd4 22. Rxd4 h6 23. Ne4 Ne3 24. Bc4+ Kg7 25. Ng3 Nc2+ 26. Kd2 Nxd4 27. cxd4
e6 28. Nxf5+ exf5 29. g4 Rf8 30. gxf5 gxf5 31. Ke3 Re8+ 32. Kf4 Kf6 33. Bd3 Rd8
34. Bxf5 Rxd4+ 35. Ke3 Ke5 36. Bc8 Re4+ 37. Kd3 Rb4 38. Rf5# 1-0

[Event "AUTO-MASTER-2651"]
[Site "http://www.queenalice.com/game.php?id=1499105"]
[Date "2017.10.16"]
[Round "1"]
[White "Artking"]
[Black "laspaw"]
[Result "0-1"]
[WhiteElo "1990"]
[BlackElo "2105"]

1. Nf3 d5 2. c4 d4 3. g3 Nc6 4. d3 e5 5. Nbd2 Nf6 6. Bg2 Be7 7. O-O O-O 8. a3 a5
9. Ng5 Qe8 10. Nde4 h6 11. Nxf6+ Bxf6 12. Ne4 Qe7 13. f4 exf4 14. Nxf6+ Qxf6 15.
Bxf4 Ne5 16. e4 c5 17. Qh5 Nxd3 18. e5 Qb6 19. Rab1 a4 20. Be4 Nxf4 21. gxf4 f5
22. Bd5+ Be6 23. Qg6 Ra6 24. Rf3 Bxd5 25. Qxb6 Rxb6 26. cxd5 Kf7 27. Kf2 Rd8 28.
d6 Ke6 29. Rg3 Rg8 30. h4 g5 31. hxg5 hxg5 32. b4 axb3 33. Rbxb3 Rxb3 34. Rxb3
gxf4 35. Rxb7 Kxe5 36. d7 Rd8 37. a4 Kd6 38. Rb6+ Kxd7 39. Rf6 d3 40. Ke1 Ke7
41. Rxf5 c4 42. Rxf4 d2+ 43. Kd1 c3 44. Rc4 Rd3 45. a5 Re3 46. Rd4 Re1+ 47. Kc2
Rc1+ 0-1

[Event "AUTO-MASTER-2651"]
[Site "http://www.queenalice.com/game.php?id=1522722"]
[Date "2018.4.7"]
[Round "2"]
[White "laspaw"]
[Black "clovis"]
[Result "1-0"]
[WhiteElo "2138"]
[BlackElo "2085"]

1. Nf3 d5 2. d4 Nf6 3. c4 e6 4. Bg5 c6 5. Nc3 dxc4 6. e4 b5 7. e5 h6 8. Bh4 g5
9. Nxg5 hxg5 10. Bxg5 Be7 11. exf6 Bxf6 12. Bxf6 Qxf6 13. g3 Bb7 14. Bg2 Na6 15.
Ne4 Qe7 16. O-O O-O-O 17. a4 e5 18. Qg4+ Kb8 19. axb5 cxb5 20. dxe5 Qxe5 21. Nc3
Bxg2 22. Kxg2 Rdg8 23. Qf3 Qe6 24. Qf4+ Nc7 25. h4 Rg4 26. Qe3 Qxe3 27. fxe3
Rhxh4 28. Kf3 b4 29. gxh4 bxc3 30. Kxg4 cxb2 31. Rac1 bxc1=Q 32. Rxc1 1-0

[Event "AUTO-MASTER-2651"]
[Site "http://www.queenalice.com/game.php?id=1522723"]
[Date "2018.4.7"]
[Round "2"]
[White "clovis"]
[Black "laspaw"]
[Result "0-1"]
[WhiteElo "2132"]
[BlackElo "2126"]

1. e4 e5 2. Bc4 Nf6 3. Nc3 Nxe4 4. Qh5 Nd6 5. Bb3 Be7 6. Nb5 O-O 7. Nc3 Nc6 8.
d3 g6 9. Qh6 Nf5 10. Qh3 d6 11. Nd5 Ncd4 12. g4 Nxb3 13. axb3 Nd4 14. Kd1 b6 15.
Bh6 Re8 16. Nf3 Bb7 17. Nxe7+ Qxe7 18. Ng5 Bxh1 0-1

[Event "AUTO-MASTER-2651"]
[Site "http://www.queenalice.com/game.php?id=1522724"]
[Date "2018.4.7"]
[Round "2"]
[White "laspaw"]
[Black "cerenzo72"]
[Result "1/2-1/2"]
[WhiteElo "2132"]
[BlackElo "2061"]

1. Nf3 d5 2. d4 Nf6 3. c4 dxc4 4. e3 e6 5. Bxc4 c5 6. O-O Nc6 7. Qe2 cxd4 8. Rd1
Bc5 9. exd4 Be7 10. d5 exd5 11. Be3 O-O 12. Nc3 Be6 13. Bg5 Qc7 14. Bxd5 Nxd5
15. Nxd5 Bxd5 16. Rxd5 Bd6 17. Rad1 Rae8 18. Qd2 Be7 19. Bxe7 Rxe7 20. b4 a6 21.
a4 Rfe8 22. b5 axb5 23. axb5 Na7 24. Rd7 Rxd7 25. Qxd7 Qxd7 26. Rxd7 Nxb5 27.
Rxb7 Nd4 28. h4 Nxf3+ 29. gxf3 h5 30. Rb5 g6 31. Kg2 Kg7 32. f4 Rc8 33. f5 Rc4
34. fxg6 fxg6 35. Kh3 Kf6 36. Rg5 1/2-1/2

[Event "AUTO-MASTER-2651"]
[Site "http://www.queenalice.com/game.php?id=1522725"]
[Date "2018.4.7"]
[Round "2"]
[White "cerenzo72"]
[Black "laspaw"]
[Result "1-0"]
[WhiteElo "2006"]
[BlackElo "2148"]

1. b3 e5 2. Bb2 Nc6 3. e3 Nf6 4. Bb5 d6 5. Ne2 Be7 6. d4 exd4 7. exd4 d5 8. Nd2
O-O 9. O-O a6 10. Bxc6 bxc6 11. h3 c5 12. c4 dxc4 13. bxc4 cxd4 14. Nxd4 Bb7 15.
N2f3 c5 16. Nf5 Re8 17. Qb3 Rb8 18. Be5 Bxf3 19. Bxb8 Bxg2 20. Kxg2 Qxb8 21.
Qxb8 1-0